00867nam a2200217 i 450000100060000000300090000600500170001500700030003200800410003510000270007624500520010326000310015530000210018650000680020771000490027585200320032485200320035699900170038895201220040595201220052765239ES-MaACL20230906165329.0t|040109s1964 sp ||||1| spa d1 aFreden, Gustaf.95240710aTres ensayos cervantinos / cpor Gustaf Freden. aMadrid : bInsula, c1964. a71 p. ; c22 cm. aPrecede al tít.: Instituto Ibero-Americano Gotemburgo Suecia.00aInstituto Ibero-Americano (Göteborg)95089 aES-MaACLjC-26012 bR.54751 aES-MaACLjC-27138 bR.56100 c65239d65239 00104070aATENEOMbATENEOMcDEPO2d2008-01-17eSCl0oC-27138p1068351r2023-02-23 00:00:00w2023-02-23yMONOGRAFIA 00104070aATENEOMbATENEOMcDEPO2d2008-01-17eSCl0oC-26012p1068350r2023-02-23 00:00:00w2023-02-23yMONOGRAFIA